000 00614nam a2200181Ia 4500
008 090124s9999 xx 000 0 und d
082 _b23946
_a2993
100 _aदेशपांडे स.ह.
245 _a संघातले दिवस आणि इतर लेख
250 _a1
260 _c1983
300 _a176
600 _aदेशपांडे स.ह.
630 _a संघातले दिवस आणि इतर लेख
700 _aदेशपांडे स.ह.
730 _a संघातले दिवस आणि इतर लेख
942 _cBOOK
999 _c137526
_d137526